000 00900nam a2200229Ii 4500
003 JO-AjNU
008 230605s9999||||xx |||||||||||||| ||und||
017 _a2004/8/1956
020 _a9957-11-567-7
040 _aJO-AjNU
_bara
_erda
_cJO-AjNU
041 _aara
050 1 4 _aHD30.213.T35.2009
100 3 _aالطائي،محمد عبد حسين آل فرج,
_eauthor
_933332
245 0 0 _aالمدخل الى نظم المعلومات الادارية :ادارة تكنولوجيا المعلومات=Introduction To Management Information Systems:Information Technology
250 _aط2
264 3 1 _aعمان:دار وائل للنشر والتوزيع،2009
300 _a322ص
336 _atext
_btxt
_2rdacontent
337 _aunmediated
_bn
_2rdamedia
338 _avolume
_bnc
_2rdacarrier
650 4 _aادارة الاعمال-نظم المعلومات الادارية
_933333
999 _aA13556
_c17124
_d17124